Normal view
MARC view
- Sharma, P.C
Entry Personal Name
001 - CONTROL NUMBER
- control field: 398
003 - CONTROL NUMBER IDENTIFIER
- control field: OSt
005 - DATE AND TIME OF LATEST TRANSACTION
- control field: 20160613161026.0
008 - FIXED-LENGTH DATA ELEMENTS
- fixed length control field: 160613|| aca||aabn | a|a d
040 ## - CATALOGING SOURCE
- Original cataloging agency: OSt
- Transcribing agency: OSt
100 ## - HEADING--PERSONAL NAME
- Personal name: Sharma, P.C
670 ## - SOURCE DATA FOUND
- Source citation: Work cat.: (OSt): Sharma, P.C, A Textbook of Production Technology (Manufacturing Processes), 2014
